000 00954cab a22002055a 4500
001 L158281
008 141121e2014 xxk 000 0 eng d
035 _a(Sirsi) u158281
041 0 _aeng
100 1 _aLewsley, Christopher
245 0 0 _aLands Chamber
_bJurisdiction and procedure
260 _c2014
490 _aRating and Valuation Reporter
_v54(11) November 2014, 294-296(3)
520 _aOutlines the history of the Lands Tribunal established by the Lands Tribunal Act 1949 replaced by the Lands Tribunal (Upper Chamber) in 2008 by the Tribunals, Courts and Enforcement Act 2007. Explains the jurisdiction and procedure of the Lands Tribunal (Upper Chambers) with reference to some decisions which have established principles of procedure and jurisdiction.
650 2 4 _aLANDS TRIBUNAL ACT 1949
650 2 4 _aTRIBUNALS, COURTS AND ENFORCEMENT ACT 2007
650 2 4 _aJOHNSON(VO) V H&B FOODS LTD
690 _aValuation
_96273
942 _n0
999 _c84548
_d84548